| 000 -LEADER |
| fixed length control field |
00511nam a2200157 4500 |
| 008 - FIXED-LENGTH DATA ELEMENTS--GENERAL INFORMATION |
| fixed length control field |
191030b ||||| |||| 00| 0 eng d |
| 100 ## - MAIN ENTRY--PERSONAL NAME |
| Personal name |
Sharma, Priyatosh |
| 245 ## - TITLE STATEMENT |
| Title |
Study of the jews in maritime trade of Kerala (c.800-c.1400 CE) |
| 260 ## - PUBLICATION, DISTRIBUTION, ETC. (IMPRINT) |
| Name of publisher, distributor, etc |
Research Journal Social Sciences |
| 300 ## - PHYSICAL DESCRIPTION |
| Extent |
26(1&2), 2018: p.191-203. |
| 650 ## - SUBJECT ADDED ENTRY--TOPICAL TERM |
| Topical term or geographic name as entry element |
Law of the sea |
| 9 (RLIN) |
12877 |
| 650 ## - SUBJECT ADDED ENTRY--TOPICAL TERM |
| Topical term or geographic name as entry element |
Maritime trade |
| 9 (RLIN) |
12878 |
| 773 ## - HOST ITEM ENTRY |
| Main entry heading |
Research Journal Social Sciences |
| 906 ## - LOCAL DATA ELEMENT F, LDF (RLIN) |
| Subject DIP |
Trade - India - Kerala |
| 942 ## - ADDED ENTRY ELEMENTS (KOHA) |
| Source of classification or shelving scheme |
|
| Item type |
Articles |